Edith wharton A to Z (Record no. 588)

MARC details
000 -LEADER
fixed length control field 00514 a2200169 4500
001 - CONTROL NUMBER
control field 066543
003 - CONTROL NUMBER IDENTIFIER
control field OSt
005 - DATE AND TIME OF LATEST TRANSACTION
control field 20211001110436.0
008 - FIXED-LENGTH DATA ELEMENTS--GENERAL INFORMATION
fixed length control field
082 ## - DEWEY DECIMAL CLASSIFICATION NUMBER
Classification number 813.52
Item number W93E
100 1# - MAIN ENTRY--PERSONAL NAME
Personal name Wright, Sarah Bird
245 1# - TITLE STATEMENT
Title Edith wharton A to Z
Statement of responsibility, etc by Sarah Bird Wright
260 ## - PUBLICATION, DISTRIBUTION, ETC. (IMPRINT)
Place of publication, distribution, etc New York
Name of publisher, distributor, etc Fact on File
Date of publication, distribution, etc 1998
300 ## - PHYSICAL DESCRIPTION
Extent 330p.
690 ## - LOCAL SUBJECT ADDED ENTRY--TOPICAL TERM (OCLC, RLIN)
Topical term or geographic name as entry element Novelists, American--Biography; Women and literature; Novelists, American; United States; Women novelists, American
942 ## - ADDED ENTRY ELEMENTS (KOHA)
Source of classification or shelving scheme Dewey Decimal Classification
Koha item type Books
Holdings
Withdrawn status Lost status Source of classification or shelving scheme Damaged status Not for loan Collection code Home library Current library Date acquired Source of acquisition Cost, normal purchase price Full call number Barcode Date last seen Price effective from Koha item type Total Checkouts
    Dewey Decimal Classification     General Text Book Central University Of Rajasthan Central University Of Rajasthan 07/03/2012 ENG 280.00 813.52 W93E 829 21/11/2024 02/09/2020 Books  
    Dewey Decimal Classification     General Text Book Central University Of Rajasthan Central University Of Rajasthan 07/03/2012 ENG 2509.65 813.52 W93E 3004 21/11/2024 02/09/2020 Books